00859nam a2200217 4500008004100000082001600041100001900057245008900076260003900165300003300204440002800237650003400265650003100299650003100330650003000361700002100391856011100412942000700523952009600530999001500626240701b |||||||| |||| 00| 0 eng d a303.69bRAM aRampton, David aThe politics of the south:bpart of the Sri Lanka strategic conflict assessment 2005 aColombo: bAsia Foundation,c 2005 a68 p.bBibliography included a Six-part series vNo.3 aCONFLICT MANAGEMENT-Sri Lanka aEthnic conflict- Sri Lanka aPeace movements- Sri Lanka aPeace-building- Sri Lanka aWelikala, Asanga uhttps://documents1.worldbank.org/curated/en/405381468335538202/pdf/630560WP0Polit00Box0361499B0PUBLIC0.pdf cRP 00102ddc4070aMAINbMAINd2024-07-01l0o303.69 RAMpRAF5349r2024-07-01w2024-07-01yRP c4963d4963